00340 2200133 4500001002100000005001500021035002000036245006900056260003700125082000800162084001200170990001200182990001200194INLIS00000000000257620250605121746 a0010-0625000162 aHome Industri ; Jenis Barang Keperluan Sehari-Hari /cSugeng HR. aJakarta :bPT. Aneka Ilmu,c1991 a600 a600 HOM a0420984 a0420985